Faculty of Law Library — Cairo University

Official Online Catalog

اصول علمي الإجرام والعقاب / (Record no. 51698)

MARC details
000 -LEADER
fixed length control field 01263nam a2200337 i 4500
003 - CONTROL NUMBER IDENTIFIER
control field EG-GICUC
005 - DATE AND TIME OF LATEST TRANSACTION
control field 20260121101524.0
008 - FIXED-LENGTH DATA ELEMENTS--GENERAL INFORMATION
fixed length control field 251218s1988 ua ||| fr||| 00| 0 ara d
017 ## - COPYRIGHT OR LEGAL DEPOSIT NUMBER
Copyright or legal deposit number 19875658
040 ## - CATALOGING SOURCE
Original cataloging agency EG-GICUC
Language of cataloging ara
Transcribing agency EG-GICUC
Modifying agency EG-GICUC
Description conventions rda
041 ## - LANGUAGE CODE
Language code of text/sound track or separate title ara
082 04 - DEWEY DECIMAL CLASSIFICATION NUMBER
Edition number 21
Classification number 343.6
Item number ر ؤ . ا
092 04 - LOCALLY ASSIGNED DEWEY CALL NUMBER (OCLC)
Edition number 21
099 ## - LOCAL FREE-TEXT CALL NUMBER (OCLC)
Classification number Law1 10 343.6 ر ؤ . ا 7 ed - 1988
100 0# - MAIN ENTRY--PERSONAL NAME
Personal name رؤوف عبيد.
Relator term مؤلف.
245 10 - TITLE STATEMENT
Title اصول علمي الإجرام والعقاب /
Statement of responsibility, etc. رؤوف عبيد.
250 ## - EDITION STATEMENT
Edition statement الطبعة السابعة
264 #3 - PRODUCTION, PUBLICATION, DISTRIBUTION, MANUFACTURE, AND COPYRIGHT NOTICE
Place of production, publication, distribution, manufacture القاهرة :
Name of producer, publisher, distributor, manufacturer دار الجبل للطباعه،
Date of production, publication, distribution, manufacture, or copyright notice 1988.
300 ## - PHYSICAL DESCRIPTION
Extent ؛ 736 صفحة
Dimensions 24 سم.
Other physical details إيضاحيات، صور، مثيليات ؛
336 ## - CONTENT TYPE
Source rda content
Content type term text
337 ## - MEDIA TYPE
Source rda media
Media type term Computer
338 ## - CARRIER TYPE
Source rda carrier
Carrier type term Online Resource
504 ## - BIBLIOGRAPHY, ETC. NOTE
Bibliography, etc. note يحتوي على ارجاعات ببليوجرافية<br/>
546 ## - LANGUAGE NOTE
Language note النص أغلبه باللغة العربية بعض النصوص الإنجليزية والفرنسية
650 14 - SUBJECT ADDED ENTRY--TOPICAL TERM
Topical term or geographic name entry element علم الإجرام
Source of heading or term qrmak
650 14 - SUBJECT ADDED ENTRY--TOPICAL TERM
Topical term or geographic name entry element علم العقاب
Source of heading or term qrmak
651 1# - SUBJECT ADDED ENTRY--GEOGRAPHIC NAME
Source of heading or term qrmak
856 40 - ELECTRONIC LOCATION AND ACCESS
Uniform Resource Identifier <a href="https://fll.law.cu.edu.eg/fulltext/bks/B10-07091.pdf">https://fll.law.cu.edu.eg/fulltext/bks/B10-07091.pdf</a>
905 ## - Cataloger and Reviser Names
Cataloger Name: Rawan khaled
Revisor Name: Yara
942 ## - ADDED ENTRY ELEMENTS (KOHA)
Source of classification or shelving scheme Dewey Decimal Classification
Koha item type Books
Edition 21
Suppress in OPAC No
Holdings
Withdrawn status Lost status Source of classification or shelving scheme Damaged status Not for loan Collection Home library Current library Date acquired Total checkouts Full call number Barcode Date last seen Copy number Price effective from Koha item type
    Dewey Decimal Classification   Not for loan القانون الجنائي جــــامعة القــاهرة مكتبة كلية الحقوق - المبنى الرئيسي 18.12.2025   Law1 10 343.6 ر ؤ . ا 7 ed - 1988 1007091 C1 B10-07091 18.12.2025 1 18.12.2025 Books

© All rights reserved — Faculty of Law, Cairo University